000 01189nam a2200313 i 4500
001 000005048
003 DO-SdBNP
005 20250612091623.0
007 ta
008 090729s1944 dr a l 001 0 spa d
040 _aDO-SdBNP
_bspa
_cBNPHU
_erda
082 4 _a343.04
_bR426L
_222
110 1 _aRepública Dominicana.
_bDirección General de Rentas Internas,
_9447
240 1 0 _a[Leyes, etc.]
245 1 0 _aLeyes y reglamentos de rentas internas /
264 1 _aCiudad Trujillo, República Domicana :
_bDirección General de Rentas Internas,
_c1944-1948.
300 _avolumenes ;
_c23 cm.
336 _atexto
_btxt
_2rdacontent
337 _asin mediación
_bn
_2rdamedia
338 _avolumen
_bnc
_2rdacarrier
500 _aIncluye índice alfabético.
590 _aInventariado, 2022/BT
650 4 _aRentas
_xLegislación
_zRepública Dominicana
_914529
650 4 _aRentas
_zRepública Dominicana
_914530
651 4 _aRepública Dominicana
_xLegislación
_910538
710 1 _aRepública Dominicana.
_bSecretaría de Estado del Tesoro y Crédito Público.
_bDirección General de Rentas Internas.
_914531
910 _aValidado. Control de calidad MMOLINA
942 _2ddc
_cLBS1
999 _c4853
_d4853